Anteproyecto de diseño arquitectónico de hogar de adulto mayor San Sebastián Diriamba, Carazo
Presenta un anteproyecto de diseño arquitectónico del hogar adulto mayor San Sebastián de Diriamba - Carazo con capacidad de 100 personas para el periodo 2008 - 2010. La temática de estudio para la elaboración de esta tipología de edificios se basó en el análisis de las normativas, reglament...
| Main Author: | |
|---|---|
| Other Authors: | |
| Format: | Tesis Section = Libro |
| Language: | Undetermined Spanish |
| Published: |
Managua
UNI
2007
|
| Subjects: |
| LEADER | 01307nam a2200265Ia 4500 | ||
|---|---|---|---|
| 008 | 240830s9999 xx 000 0 und d | ||
| 040 | |a BIBLIOTECA-RUSB/ Mon 725.56 U76 | ||
| 041 | |a spa | ||
| 082 | |a Mon 725.56 U76 | ||
| 100 | 1 | |a Uribe González, Cristina Alejandra | |
| 245 | 1 | 0 | |a Anteproyecto de diseño arquitectónico de hogar de adulto mayor San Sebastián Diriamba, Carazo |
| 260 | |a Managua |b UNI |c 2007 | ||
| 300 | |a 113 p. :il. | ||
| 500 | |a Contiene: anexos. | ||
| 502 | |a Tesis (Arquitecto) - UNI, 2007. | ||
| 520 | 3 | |a Presenta un anteproyecto de diseño arquitectónico del hogar adulto mayor San Sebastián de Diriamba - Carazo con capacidad de 100 personas para el periodo 2008 - 2010. La temática de estudio para la elaboración de esta tipología de edificios se basó en el análisis de las normativas, reglamentos institucionales, decretos y acuerdos internacionales que especifican como se desarrolla los hogares de adultos mayores. | |
| 650 | 7 | |a EDIFICIOS DE INSITITUCIONES PARA PERSONAS EN LA EDAD ADULTA | |
| 650 | 7 | |b ESTUDIOS MODELOS ANALOGOS - ASILOS | |
| 650 | 7 | |c ESTUDIO DE SITIO | |
| 650 | 7 | |d ANALISIS URBANO | |
| 650 | 7 | |e DISEÑO URBANO - MOBILIARIO | |
| 700 | 1 | |a Tutor: |b Herrera Montenegro, Juan Francisco | |
| 942 | |c BK |2 ddc | ||
| 991 | |a TESIS | ||
| 999 | |c 21273 | ||